Σύγχρονα οικονομικά συστήματα

Αποθηκεύτηκε σε:
Λεπτομέρειες βιβλιογραφικής εγγραφής
Κύριος συγγραφέας: Μπαμπανάσης, Στέργιος, 1935-
Μορφή: Βιβλίο
Γλώσσα:Greek
Δημοσίευση: Αθήνα : Παπαζήσης, 2001
Θέματα:
Ετικέτες: Προσθήκη ετικέτας
Δεν υπάρχουν, Καταχωρήστε ετικέτα πρώτοι!

MARC

LEADER 00000cam a2200000 i 4500
001 1/59503
008 020313s2001 gre d
020 |a 960-02-1454-9 
035 |l 10000512 
040 |a GR-MY-UA  |b gre  |e aacr 
041 0 |a gre 
082 0 |a 330.12 
100 1 |a Μπαμπανάσης, Στέργιος,   |d 1935- 
245 1 0 |a Σύγχρονα οικονομικά συστήματα /  |c Στέργιος Μπαμπανάσης 
260 |a Αθήνα :   |b Παπαζήσης,   |c 2001 
300 |a 666 σ. 
650 0 0 |a Economics. 
650 0 0 |a Comparative economics. 
852 |a INST  |b CHIOS  |e 20020313  |h 330.12 ΜΠΑ  |p 005200019993  |q 005200019993  |t BK  |y 0 
852 |a INST  |b CHIOS  |e 20020313  |h 330.12 ΜΠΑ  |p 005200019997  |q 005200019997  |t BK  |y 0 
852 |a INST  |b LESVOS  |e 20060221  |h 330.12 ΜΠΑ  |p 005100034571  |q 005100034571  |t BK  |y 0 
901 |a BIBL2-2002-1 
901 |a BIBL1-2006-1 
909 |a Χ  |b 099753 
909 |a Χ  |b 099754 
909 |a Λ  |b 125948 
970 |a ΣΠΕΝΤΖΑ  |b ΕΛΕΝΗ  |z 2002/03/13